Beginning number theory (Record no. 7491)

000 -LEADER
fixed length control field 00419 a2200157 4500
020 ## - INTERNATIONAL STANDARD BOOK NUMBER
International Standard Book Number 0763737682
040 ## - CATALOGING SOURCE
Original cataloging agency DLC
Language of cataloging DLC
082 04 - DEWEY DECIMAL CLASSIFICATION NUMBER
Classification number 512.7
100 1# - MAIN ENTRY--PERSONAL NAME
Personal name Robbins, Neville.
245 10 - TITLE STATEMENT
Title Beginning number theory
Statement of responsibility, etc. Neville Robbins.
250 ## - EDITION STATEMENT
Edition statement 2nd ed.
260 ## - PUBLICATION, DISTRIBUTION, ETC.
Place of publication, distribution, etc. Sudbury, Mass. :
Name of publisher, distributor, etc. Jones and Bartlett Publishers,
Date of publication, distribution, etc. c2006.
300 ## - PHYSICAL DESCRIPTION
Extent xi, 338 p. ;
Dimensions 24 cm.
650 #0 - SUBJECT ADDED ENTRY--TOPICAL TERM
Topical term or geographic name entry element Number theory.
942 ## - ADDED ENTRY ELEMENTS (KOHA)
Koha item type Book
Call number prefix 512.7 ROB
Source of classification or shelving scheme
Holdings
Withdrawn status Lost status Damaged status Not for loan Collection code Permanent Location Current Location Shelving location Date acquired Source of acquisition Cost, normal purchase price Total Checkouts Total Renewals Full call number Barcode Date last seen Date last checked out Price effective from Koha item type Checked out
          Central Library (CL) Central Library (CL) General Stacks 05/17/2006 Allied Book Company 2446.60 6 6 512.7 ROB SEECS007287 09/27/2025 03/03/2025 01/05/2017 Book  
          Central Library (CL) Central Library (CL) General Stacks 05/17/2006 Allied Book Company 2446.60 4 1 512.7 ROB SEECS007288 10/15/2023 10/15/2023 01/05/2017 Book 11/14/2023
© 2023 Central Library, National University of Sciences and Technology. All Rights Reserved.